000 01521cam a22004694i 4500
003 PE-LiUPU
005 20250731173056.0
008 150623s r 000 0 d
020 _a0896939278
035 _a(Sirsi) i9780896939271
040 _aPE-LiUPU
_bspa
_cPE-LiUPU
_erda
049 _aPRUA
082 0 4 _a259.22
_bI45
_221
245 0 0 _aIncredible meetings for kids grades 4-6 /
_ceditado por Víctor Books.
264 1 _aWheaton, Illinois :
_bVíctor Books,
_c1991.
300 _a103 páginas :
_bilustraciones, gráficos ;
_c26 centímetros
336 _atext
_2rdacontent
337 _aunmediated
_2rdamedia
338 _avolume
_2rdacarrier
490 0 _aKid Builders Books
500 _aPara niños de 8 a 12 años de edad.
505 0 _aIncredible meetings for kids grades 4-6.
526 _aSEG42
526 _aSEG41
526 _aSEG40
526 _aSEG39
526 _aP94
526 _aP87
526 _aP86
526 _aP85
526 _aP77
526 _aP76
526 _aP35
650 0 4 _aNiños
_xIlustraciones.
700 1 _aBooks, Víctor,
_eed.
942 _2ddc
_cBOOK
949 _a259.22 I45
_wDEWEY
_c1
_i48607
_lCCODEBUL1
_mBUL
_r0
_sY
_tBOOK
_u2015-6-24
_xTEOLOGIA
_PP35
_0COMPRA
_o.STAFF. Colección General
994 _aC0
_bPEPRU
596 _a1
999 _a259.22 I45
_wDEWEY
_c27776
_i48607
_f2021-11-10
_g5
_lCCODEBUL1
_mBUL
_r0
_sY
_tBOOK
_u2015-6-24
_xTEOLOGIA
_PP35
_0COMPRA
_o.STAFF. Colección General
_d27776
980 _81
_gALBERTO SANCHEZ Responsable de Automatización